Online
Catalog

Sobre historia y política / (Record no. 21733)

MARC details
000 -CABECERA
campo de control de longitud fija 00729nam a2200229 a 4500
001 - NÚMERO DE CONTROL
campo de control 000022235
005 - FECHA Y HORA DE LA ÚLTIMA TRANSACCIÓN
campo de control 20200930011637.0
008 - DATOS DE LONGITUD FIJA--INFORMACIÓN GENERAL
campo de control de longitud fija 100920s1979 ck r 000 0 spa d
040 ## - FUENTE DE LA CATALOGACIÓN
Centro catalogador/agencia de origen DO-SdBNP
Lengua de catalogación spa
Centro/agencia transcriptor BNPHU
082 ## - NÚMERO DE LA CLASIFICACIÓN DECIMAL DEWEY
Número de clasificación 320.986
Número de documento/Ítem M528s
049 ## - FONDOS LOCALES (OCLC)
Fondos de biblioteca BNGR
100 1# - ENTRADA PRINCIPAL--NOMBRE DE PERSONA
Nombre de persona Melo, Jorge orlando,
Fechas asociadas al nombre 1942-
9 (RLIN) 45977
245 10 - MENCIÓN DE TÍTULO
Título Sobre historia y política /
Mención de responsabilidad, etc. Jorge Orlando Melo.
260 ## - PUBLICACIÓN, DISTRIBUCIÓN, ETC.
Lugar de publicación, distribución, etc. Bogotá :
Nombre del editor, distribuidor, etc. Lealon,
Fecha de publicación, distribución, etc. 1979.
300 ## - DESCRIPCIÓN FÍSICA
Extensión 274, [2] p. ;
Dimensiones 18 cm.
490 1# - MENCIÓN DE SERIE
Mención de serie La Carreta
500 ## - NOTA GENERAL
Nota general Incluye nota y referencias bibliográficas al pie de las páginas.
500 ## - NOTA GENERAL
Nota general Incluye referencias: p. 274
651 #4 - PUNTO DE ACCESO ADICIONAL DE MATERIA--NOMBRE GEOGRÁFICO
Nombre geográfico Colombia
Subdivisión general Política Y Gobierno
9 (RLIN) 32467
651 #4 - PUNTO DE ACCESO ADICIONAL DE MATERIA--NOMBRE GEOGRÁFICO
Nombre geográfico Colombia
Subdivisión general Historia
9 (RLIN) 18037
830 #0 - PUNTO DE ACCESO ADICIONAL DE SERIE-TÍTULO UNIFORME
Título uniforme La Carreta
9 (RLIN) 45978

No items available.

Powered by Koha